000 00733nam a2200229Ia 4500
003 OSt
005 20220923225635.0
006 a|||||r|||| 00| 0
007 ta
008 Pun
024 _a272,975
037 _cTextual
040 _aARTS
_cARTS
_bPun
041 _2Pun
_aPun
082 _aO153vN5, J8;K2
100 _aਉਬਰ੍ਹਾ, ਮੋਹਨ ਸਿੰਘ
245 0 _aਪੰਜਾਬੀ ਸਾਹਿਤ ਦੀ ਇਤਿਹਾਸ ਰੇਖਾ
260 _aਚੰਡੀਗੜ
_b ਪੰਜਾਬੀ ਯੂਨੀਵਰਸਿਟੀ
_c1962
650 _aਪੰਜਾਬੀ ਸਾਹਿਤ
942 _hO153vN5, J8;K2
_cTEXL
_2CC
999 _c379616
_d379616